| 000 | 01227nam a22003497a 4500 | ||
|---|---|---|---|
| 001 | 17246497 | ||
| 003 | OSt | ||
| 005 | 20210419092818.0 | ||
| 008 | 120405s2013 nyua b 001 0 eng | ||
| 010 | _a 2012014174 | ||
| 020 | _a9780071736268 (hardcover : alk. paper) | ||
| 020 | _a0071736263 (hardcover : alk. paper) | ||
| 035 | _a(DNLM)101581752 | ||
| 040 |
_aDNLM/DLC _cDLC _dDLC |
||
| 042 | _apcc | ||
| 050 | 0 | 0 |
_aRC735.I5 _bP75 2013 |
| 060 | 1 | 0 | _aWF 145 |
| 080 |
_a616-036.83 _bP-92 |
||
| 245 | 0 | 0 |
_aPrinciples and practice of mechanical ventilation / _ceditor, Martin J. Tobin. |
| 250 | _a3rd ed. | ||
| 260 |
_aNew York : _bMcGraw-Hill Medical, _c2013. |
||
| 300 |
_axxii, 1562 p. : _bill. ; _c28 cm |
||
| 504 | _aIncludes bibliographical references and index. | ||
| 650 | 1 | 2 |
_aRespiration, Artificial _xmethods. |
| 650 | 2 | 2 |
_aRespiratory Therapy _xmethods. _zReanimatology |
| 650 | 2 | 2 | _aVentilators, Mechanical. |
| 653 |
_aრეანიმატოლოგია _aრესპირატორული თერაპია |
||
| 700 | 1 |
_aTobin, Martin J. _eeditor |
|
| 906 |
_a7 _bcbc _corignew _d1 _eecip _f20 _gy-gencatlg |
||
| 942 |
_2udc _cBK _e3 |
||
| 999 |
_c363 _d363 |
||